Senior Art centrum

Saved in:
Bibliographic Details
Main Author: Kollárová, Lucia (Author)
Other Authors: Rollová, Lea (Thesis advisor)
Format: Manuscript Book
Language:Slovak
Published: Bratislava 2017
Subjects:
Online Access:http://is.stuba.sk/zp/portal_zp.pl?podrobnosti=111636
Tags: Add Tag
No Tags, Be the first to tag this record!

MARC

LEADER 00000ntm a22000003a 4500
001 stuzp63893
003 SK-STU
005 20210208103540.4
007 ta
008 150427s2015----xo-----f-mn---000-0-slo-d
040 |a STU  |b slo 
041 0 |a slo 
100 1 |a Kollárová, Lucia  |u 058180  |4 aut  |U FAD Fakulta architektúry  |T FA Ústav architektúry občianskych budov  |X 65335  |U A8180  |Y 399  |7 65335 
242 0 1 |a Senior art center  |y eng 
245 1 0 |a Senior Art centrum 
260 |c 2017  |a Bratislava 
650 4 |a umelecký  |2 slo 
650 4 |a budova  |2 slo 
650 4 |a senior  |2 slo 
650 4 |a art  |2 eng 
650 4 |a building  |2 eng 
650 4 |a senior  |2 eng 
700 1 |a Rollová, Lea  |u 058180  |k Z1  |4 ths  |U FAD Fakulta architektúry  |T FA Ústav architektúry občianskych budov  |X 2678  |U A8180  |Y 399  |7 A000002678 
856 4 |u http://is.stuba.sk/zp/portal_zp.pl?podrobnosti=111636  |u https://opac.crzp.sk/?fn=detailBiblioForm&sid=85D30AFD35884905429CBF4E20A9